| 000 | 00446cam a2200193ua 4500 | ||
|---|---|---|---|
| 001 | 6214 | ||
| 008 | 131125n ii |||gr||||Z||||||eng | ||
| 020 | _a0 7121 2408 X | ||
| 040 | _cMAIN | ||
| 082 | _a657.42 | ||
| 245 |
_aBiggs cost accounts _cBy J. Wald |
||
| 250 | _a11th ed. | ||
| 260 |
_aGreat britain: _bELBS, _c1984. |
||
| 300 | _aix,383p. | ||
| 653 | _aCommerce | ||
| 653 | _aCost accounts | ||
| 700 |
_aWald,J., _eAuthor. |
||
| 942 | _cBK | ||
| 999 |
_c5366 _d5366 |
||